Citric acid cycle. (Krebs cycle) - Statistics

General Stats
  • This quiz has been taken 34 times
  • The average score is 5 of 9
Answers on the Map
Answers color-coded by a green-red scale on the quiz's map according to % correct below.
 
Answer Stats
Answer % Correct
Citrate
100%
Fumarate
67%
Malate
67%
Oxaloacetate
67%
Succinyl-coA
67%
Succinate
63%
a-ketoglutarate
44%
cis-Aconitate
26%
D-Isocitrate
4%
No matching quizzes found
Score Distribution
Percent of People with Each Score
Percentile by Number Answered
Your Score History
You have not taken this quiz